Galactic star formation across the stellar mass spectrum (Record no. 15714)

MARC details
000 -LEADER
fixed length control field 01044nam a2200241Ia 4500
003 - CONTROL NUMBER IDENTIFIER
control field IN-BaIIA
008 - FIXED-LENGTH DATA ELEMENTS--GENERAL INFORMATION
fixed length control field 211028s9999 xx 000 0 eng d
020 ## - INTERNATIONAL STANDARD BOOK NUMBER
International Standard Book Number 1-58381-130-3
040 ## - CATALOGING SOURCE
Transcribing agency IIA Library
080 ## - UNIVERSAL DECIMAL CLASSIFICATION NUMBER
Universal Decimal Classification number 082.2:52
Item number ASP-287
111 ## - MAIN ENTRY--MEETING NAME
Meeting name or jurisdiction name as entry element International Astronomical Observatories in Chile Workshop
Location of meeting Chile
Date of meeting or treaty signing 2002 Mar. 11-15
9 (RLIN) 28967
245 #0 - TITLE STATEMENT
Title Galactic star formation across the stellar mass spectrum
Remainder of title proceedings of the 2002 international astronomical observatories in Chile workshop held in La Sarena, Chile, 11-15 Mar 2002
Statement of responsibility, etc. edited by J. M. De Buizer and N. S. van der Bliek
260 ## - PUBLICATION, DISTRIBUTION, ETC.
Place of publication, distribution, etc. San Francisco
Name of publisher, distributor, etc. Astronomical Society of the Pacific
Date of publication, distribution, etc. 2003
300 ## - PHYSICAL DESCRIPTION
Extent xix, 507p.
490 ## - SERIES STATEMENT
Series statement ASP conference series; v. 287
650 ## - SUBJECT ADDED ENTRY--TOPICAL TERM
Topical term or geographic name entry element Energetics
9 (RLIN) 28968
650 ## - SUBJECT ADDED ENTRY--TOPICAL TERM
Topical term or geographic name entry element Molecular clouds
9 (RLIN) 11776
650 ## - SUBJECT ADDED ENTRY--TOPICAL TERM
Topical term or geographic name entry element Star formation
700 ## - ADDED ENTRY--PERSONAL NAME
Personal name De Buizer, J. M., ed.
9 (RLIN) 28969
700 ## - ADDED ENTRY--PERSONAL NAME
Personal name van der Bliek, N. S., ed.
9 (RLIN) 28970
710 ## - ADDED ENTRY--CORPORATE NAME
Corporate name or jurisdiction name as entry element Astronomical Society of the Pacific 
9 (RLIN) 22919
942 ## - ADDED ENTRY ELEMENTS (KOHA)
Koha item type Books
952 ## - LOCATION AND ITEM INFORMATION (KOHA)
-- 57.00
Holdings
Withdrawn status Lost status Damaged status Not for loan Home library Current library Shelving location Date acquired Source of acquisition Total Checkouts Full call number Barcode Date last seen Price effective from Koha item type
        IIA Library-Bangalore IIA Library-Bangalore General Stacks 21/08/2004 ASP   082.2:52/ ASP-287 16636 05/11/2021 21/08/2004 Books

Powered by Koha